Sports Quiz

Random Sports or Letter Quiz

MLB Win Leaders A-Z Quiz Stats

 Plays Quiz Updated Oct 1, 2020

Support Sporcle.
Go Orange.
Score 0/25 Timer 06:00
5 Plays Today
Letter Pitcher % Correct
YCy Young
89.1%
JWalter Johnson
83.9%
CRoger Clemens
73.8%
RNolan Ryan
68.7%
MChristy Mathewson
43.6%
SWarren Spahn
42.2%
AGrover Alexander
32.6%
BBert Blyleven
28.2%
FBob Feller
25.7%
IHisashi Iwakuma
16.1%
GPud Galvin
13.6%
EDennis Eckersley
13.6%
NKid Nichols
12.4%
Letter Pitcher % Correct
PEddie Plank
10.2%
QJack Quinn
9.3%
KTim Keefe
8.7%
HCarl Hubbell
8.1%
VJustin Verlander
7.8%
WMickey Welch
6.5%
LTed Lyons
5.2%
TFrank Tanana
5.2%
ZTom Zachary
3.9%
UGeorge Uhle
3.3%
DHooks Dauss and Paul Derringer
2.9%
OAl Orth
2%

You're not logged in!

Compare scores with friends on all Sporcle quizzes.
OR
Log In

From the Vault

Quick! Click the 'C' Things!

by MSUKent

But you can only click them as fast as you can 'C' them.
Remove Ads.
Support Sporcle.
Get the best of Sporcle when you Go Orange. This ad-free experience offers more features, more stats, and more fun while also helping to support Sporcle. Thank you for becoming a member.

Show Comments

Extras

Top Quizzes Today


Score Distribution

Your Account Isn't Verified!

In order to create a playlist on Sporcle, you need to verify the email address you used during registration. Go to your Sporcle Settings to finish the process.

Report this User

Report this user for behavior that violates our Community Guidelines.

Details: